Lecciones sobre historia de la filosofía II / (Registro nro. 4931)

Detalles MARC
000 -LEADER
fixed length control field 01071nam a2200241Ia 4500
003 - CONTROL NUMBER IDENTIFIER
control field OSt
005 - DATE AND TIME OF LATEST TRANSACTION
control field 20200402112630.0
008 - FIXED-LENGTH DATA ELEMENTS--GENERAL INFORMATION
fixed length control field 191128s1955 ck gr 001 0 spa d
020 ## - INTERNATIONAL STANDARD BOOK NUMBER
International Standard Book Number 9681603060
040 ## - CATALOGING SOURCE
Original cataloging agency CO-JMCR
Transcribing agency CO-JMCR
041 0# - LANGUAGE CODE
Language code of text/sound track or separate title spa
082 04 - DEWEY DECIMAL CLASSIFICATION NUMBER
Classification number 109 /
Item number H23l
100 1# - MAIN ENTRY--PERSONAL NAME
Personal name Hegel, Georg Wilhelm Friedrich,
Relator term autor
9 (RLIN) 2368
245 10 - TITLE STATEMENT
Title Lecciones sobre historia de la filosofía II /
Statement of responsibility, etc. Georg Wilhelm Friedrich Hegel
250 ## - EDITION STATEMENT
Edition statement Primera edición
260 ## - PUBLICATION, DISTRIBUTION, ETC.
Place of publication, distribution, etc. Bogotá :
Name of publisher, distributor, etc. Fondo de cultura económico
Date of publication, distribution, etc. 1955
300 ## - PHYSICAL DESCRIPTION
Extent 462 páginas ;
Dimensions 21 cm.
490 0# - SERIES STATEMENT
Series statement Sección de obras de filosofía
505 ## - FORMATTED CONTENTS NOTE
Formatted contents note De los sofistas a los sacrátistas -- Platón y Aristóteles -- Segundo período: El dogmatismo y el escepcionismo
520 ## - SUMMARY, ETC.
Summary, etc. Para Hegel, lo que satisface y dignifica nuestra vida espiritual tuvo so principio en Grecia. El pensamiento, en especial, se manifestó entre los griegos como un despliegue asombroso a partir de sus elementos originarios, y para comprender su filosofía no
650 14 - SUBJECT ADDED ENTRY--TOPICAL TERM
Topical term or geographic name entry element Filosofía
General subdivision Historia
9 (RLIN) 2418
942 ## - ADDED ENTRY ELEMENTS (KOHA)
Source of classification or shelving scheme Dewey Decimal Classification
Koha item type Books
Existencias
Withdrawn status Lost status Source of classification or shelving scheme Materials specified (bound volume or other part) Damaged status Not for loan Home library Current library Shelving location Date acquired Source of acquisition Cost, normal purchase price Total Checkouts Full call number Barcode Date last seen Date last checked out Copy number Price effective from Koha item type
    Dewey Decimal Classification Donación--15/04/2018--     Biblioteca Pública José María del Castillo y Rada Biblioteca Pública José María del Castillo y Rada General Stacks 11/28/2019 Donación 0.00 1 109 / H23l 430001021 05/16/2024 07/22/2022 V.2 / Ej.1 11/28/2019 Books